Los volátiles del Beato Angélico (Registro nro. 23040)
[ vista simple ]
| 000 -CABECERA | |
|---|---|
| Longitud fija campo de control | 00819nam a2200253 a 4500 |
| 001 - NÚMERO DE CONTROL | |
| Número de control | ES-MaREB00060796-1 |
| 003 - IDENTIFICADOR DELl NÚMERO DE CONTROL | |
| Identificador del número de control | OSt |
| 005 - FECHA Y HORA DE LA ÚLTIMA TRANSACCIÓN | |
| Fecha y hora de la última transacción | 20151019143354.0 |
| 008 - CÓDIGOS DE INFORMACIÓN DE LONGITUD FIJA | |
| Códigos de información de longitud fija | 020226s2000 esp 0011 spa d |
| 020 ## - NÚMERO INTERNACIONAL NORMALIZADO PARA LIBROS | |
| Número Internacional Normalizado para Libros (ISBN) | 84-339-1129-5 |
| 040 ## - FUENTE DE LA CATALOGACIÓN | |
| Centro transcriptor | BMC |
| 082 ## - NÚMERO DE LA CLASIFICACIÓN DECIMAL DEWEY | |
| Númeroo de clasificación | 853 |
| 100 1# - PUNTO DE ACCESO PRINCIPAL-NOMBRE DE PERSONA | |
| Nombre de persona | Tabucchi, Antonio |
| 9 (RLIN) | 36875 |
| Fechas asociadas al nombre | 1943-2012 |
| 245 14 - MENCIÓN DE TÍTULO | |
| Título | Los volátiles del Beato Angélico |
| Mención de responsabilidad, etc. | Antonio Tabucchi; traducción, Javier González Rovira y Carlos Gumpert Melgosa |
| 260 ## - PUBLICACIÓN, DISTRIBUCIÓN, ETC. (PIE DE IMPRENTA) | |
| Lugar de publicación, distribución, etc. | Barcelona |
| Nombre del editor, distribuidor, etc. | Anagrama |
| Fecha de publicación, distribución, etc. | D.L. 1991 |
| 300 ## - DESCRIPCIÓN FÍSICA | |
| Extensión | 129 p. |
| Dimensiones | 20 cm |
| 490 0# - MENCIÓN DE SERIE | |
| Mención de serie | Panorama de narrativas |
| Designación de volumen o secuencia | 208 |
| 500 ## - NOTA GENERAL | |
| Nota general | Indice. |
| 546 ## - NOTA DE LENGUA | |
| Nota de lengua | Traducción de: I vlatili del Beato Angélico |
| 650 24 - PUNTO DE ACCESO ADICIONAL DE MATERIA - TÉRMINO DE MATERIA | |
| 9 (RLIN) | 29384 |
| Término de materia o nombre geográfico como elemento inicial | Novela italiana |
| 700 1# - PUNTO DE ACCESO ADICIONAL - NOMBRE DE PERSONA | |
| Nombre de persona | González Rovira, Xavier |
| 9 (RLIN) | 36877 |
| 700 1# - PUNTO DE ACCESO ADICIONAL - NOMBRE DE PERSONA | |
| Nombre de persona | Gumpert Melgosa, Carlos |
| 9 (RLIN) | 36876 |
| 942 ## - ENTRADA DE ELEMENTOS AGREGADOS (KOHA) | |
| Fuente de clasificaión o esquema | Dewey Decimal Classification |
| Koha [por defecto] tipo de item | 1- Monografias |
| Parte de clasificación | prozim |
| Suprimido | Perdido | Fuente de clasificación o esquema | Estropeado | Restricciones de uso | No para préstamo | Código de colección | Localización permanente | Localización actual | Localización en estanter&íacute;as | Fecha adquisición | Fuente de adquisición | Número de inventario | Préstamos totales | Signatura completa | Código de barras | Fecha última consulta | Fecha último préstamo | Coste, precio reemplazado | Fecha del precio de reemplazo | Tipo de item de Koha |
|---|---|---|---|---|---|---|---|---|---|---|---|---|---|---|---|---|---|---|---|---|
| NULL | NULL | Dewey Decimal Classification | NULL | Prestable | NULL | NULL | Biblioteca Miguel de Cervantes - UNICAES | Biblioteca Miguel de Cervantes - UNICAES | Sala Principal | 21/10/2015 | Donación - ADESH | 030646 | 1 | N TAB vol | 1034611 | 27/07/2016 | 14/07/2016 | 10.00 | 21/10/2015 | 1- Monografias |